000 00834cam a22002777a 4500
003 CHAP
005 20220329133728.0
008 971013s1976 r 00010 d
010 _a10039
011 _a11011
035 _a10249
040 _cCHAP
090 _aTesis
100 0 0 _aOchoa Gaona, Susana.
_982670
245 1 3 _aLa familia Hydrophyllaceae en el Valle de México
260 _aMéxico, D.F. :
_bEl autor,
_c1976
300 _a96 h.
_b: ilus. ; mapas
502 _aTesis (Biólogo) -- IPN. Escuela Nacional de Ciencias Biológicas
590 _aALEPH
_b10
_c20130110
_lUCH01
_h1226
590 _aBATCH-UPD
_b10
_c20130110
_lUCH01
_h1453
590 _aCONVERSION
_b10
_c20130109
_lUCH01
_h1306
650 1 4 _aHydrophyllaceae.
_957077
901 _aBK
942 _cTESIS
949 _bBC
_cTES
_d-21694
_eTS1
_h26692
_i10249
_si
999 _c10039
_d10039